000 00360pam a2200145 a 4500
020 _c
041 _aeng
082 _a574.29
_bDET
100 _aDetrick, B ,
_eHamilton, RG.,
245 _aManual of Molecular and Clinical Labaratory Immunology
_hTextual Documents
250 _a2006.
260 _a[s.l]:
_bASM Press
300 _a1340 pg .
930 _a9335
999 _c86240
_d86240